Prvky ústavnosti v európskom práve

Historický vývoj pojmu ústava. Atribúty moderných ústav. Základné princípy a idey štátov. Horizontálna a vertikálna deľba moci. Základné práva a slobody. Prvky ústavnosti v textoch európskeho práva. Prvky ústavnosti v judikatúre Európskeho súdneho dvora. Kontrola ústavnosti.

Salvato in:
Dettagli Bibliografici
Autore principale: Gyárfáš, Juraj
Natura: Capitolo di libro
Lingua:slovacco
Soggetti:
Tags: Aggiungi Tag
Nessun Tag, puoi essere il primo ad aggiungerne!!

MARC

LEADER 00000naa$a2200000$$$4500
001 0058229
005 20231102091926.1
041 0 |a slo 
044 |a SK 
245 1 0 |a Prvky ústavnosti v európskom práve  |c Juraj Gyárfáš 
520 |a Historický vývoj pojmu ústava. Atribúty moderných ústav. Základné princípy a idey štátov. Horizontálna a vertikálna deľba moci. Základné práva a slobody. Prvky ústavnosti v textoch európskeho práva. Prvky ústavnosti v judikatúre Európskeho súdneho dvora. Kontrola ústavnosti. 
610 2 0 |a história 
610 2 0 |a právo ústavné 
610 2 0 |a ústava 
610 2 0 |a pojmy 
610 2 0 |a právo komunitárne 
610 2 0 |a právo európske 
100 1 |a Gyárfáš, Juraj